000 00853nam a2200217 i 4500
001 158263
003 ES-MaACL
005 20251001192032.0
008 040825m18431844gw |||| | ger d
040 _aCAM
_bspa
_cCAM
100 1 _aLuther, Martin.
_974872
245 1 0 _aD. Martini Lutheri commentarium in Epistolam S. Pauli ad Galatas /
_ccuravit Joan. Conrad. Irmischer.
260 _aErlangae :
_bsumptibus Caroli Heyderi,
_c1843-1844.
300 _a3 v. (XIV, 389; 366; 485 p.) ;
_c19 cm.
630 0 4 _aBiblia.
_pN. T.
_pGálatas-
_vComentarios.
_9145122
630 0 4 _aBiblia.
_pN.T.
_pEpístolas de Pablo-
_vComentarios.
_9144667
700 1 _aIrmischer, Johann Conrad,
_d1797-1857
_9128203
740 0 1 _aCommentarium in Epistolam S. Pauli ad Galatas.
852 _aES-MaACL
_jC-1275-77
_z-- Enc. editorial en tela
999 _c158263
_d158263